Chemistry of organic film formers (Record no. 32411)

MARC details
000 -LEADER
fixed length control field 00393nam a2200157Ia 4500
082 ## - DEWEY DECIMAL CLASSIFICATION NUMBER
Classification number 678
Item number SOL
100 ## - MAIN ENTRY--AUTHOR NAME
Personal name Solomon, D H
245 #0 - TITLE STATEMENT
Title Chemistry of organic film formers
260 ## - PUBLICATION, DISTRIBUTION, ETC. (IMPRINT)
Place of publication New York
Name of publisher Krieger Pub Co
Year of publication 1977
650 ## - SUBJECT ADDED ENTRY--TOPICAL TERM
Topical Term Epoxy resins
650 ## - SUBJECT ADDED ENTRY--TOPICAL TERM
Topical Term Glyceride oils
650 ## - SUBJECT ADDED ENTRY--TOPICAL TERM
Topical Term Polyurethane
650 ## - SUBJECT ADDED ENTRY--TOPICAL TERM
Topical Term Varnishes
942 ## - ADDED ENTRY ELEMENTS (KOHA)
Koha item type Books
Holdings
Withdrawn status Lost status Damaged status Not for loan Home library Current library Date acquired Cost, normal purchase price Full call number Accession Number Koha item type
        RRII Library RRII Library 16/12/2021 24.50 678 SOL 12927 Books